[Event "Durban op"]
[Site "Durban RSA"]
[Date "2014.09.28"]
[Round "10.1"]
[White "Noritsyn, Nikolay"]
[Black "Brunello, Sabino"]
[Result "1/2-1/2"]
[WhiteElo "2449"]
[BlackElo "2552"]
[PlyCount "221"]
[EventDate "2014.09.20"]
[EventType "swiss"]
[EventRounds "9"]
[EventCountry "RSA"]
[Source "Chess Mix"]

1. c4 e5 2. Nc3 Nf6 3. e3 g6 4. d4 exd4 5. exd4 Bg7 6. Qe2+ Qe7 7. Nf3 d6 8. h3
Qxe2+ 9. Bxe2 O-O 10. Be3 Bf5 11. g4 Bd7 12. O-O-O Nc6 13. Rhe1 h6 14. a3 a6
15. Bf1 Rfe8 16. d5 Ne7 17. Nd4 Rad8 18. Nb3 Bc8 19. Bg2 Nd7 20. f4 f5 21. Bf3
fxg4 22. hxg4 Nf6 23. g5 hxg5 24. fxg5 Ng4 25. Bg1 Ne5 26. Be2 Nf5 27. Ne4 Nf7
28. Bd3 Nxg5 29. Nxg5 Bh6 30. Kb1 Bxg5 31. Ba7 Bh4 32. Rg1 Kf7 33. Rdf1 Bf6 34.
Nd4 Rg8 35. Ne6 Bxe6 36. dxe6+ Kxe6 37. Be4 c6 38. Bb6 Rdf8 39. Rxg6 Ng3 40.
Rfxf6+ Rxf6 41. Rxg8 Nxe4 42. Re8+ Kf5 43. Re7 Nd2+ 44. Kc2 Nxc4 45. Bd4 Rh6
46. Rxb7 Ke4 47. Bc3 Rh2+ 48. Kb1 d5 49. Rc7 d4 50. Rxc6 Ne5 51. Rxa6 dxc3 52.
bxc3 Kd3 53. Ra8 Rh1+ 54. Ka2 Kxc3 55. Rg8 Rh2+ 56. Kb1 Rb2+ 57. Ka1 Rd2 58.
Kb1 Nd3 59. Rc8+ Kb3 60. Rb8+ Kxa3 61. Rb7 Nb4 62. Kc1 Rd8 63. Rh7 Kb3 64. Rh3+
Kc4 65. Rg3 Rd7 66. Rh3 Ra7 67. Rh8 Ra2 68. Kd1 Nd5 69. Rd8 Kd4 70. Ke1 Ke4 71.
Kd1 Ne3+ 72. Ke1 Nc2+ 73. Kd1 Nd4 74. Re8+ Kd3 75. Ke1 Nf3+ 76. Kf1 Nd2+ 77.
Ke1 Ra1+ 78. Kf2 Ne4+ 79. Kg2 Ke3 80. Rb8 Ra7 81. Rb3+ Kf4 82. Rb8 Ra6 83. Rf8+
Ke3 84. Rb8 Rg6+ 85. Kh3 Kf3 86. Rb3+ Kf4 87. Rb4 Rg3+ 88. Kh4 Rg2 89. Kh5 Rg5+
90. Kh4 Ra5 91. Kh3 Ra2 92. Rd4 Ra3+ 93. Kg2 Rg3+ 94. Kh2 Rg7 95. Ra4 Kf3 96.
Ra3+ Kg4 97. Ra4 Kf4 98. Kh3 Rg3+ 99. Kh4 Rc3 100. Kh5 Kf5 101. Ra5+ Nc5 102.
Kh4 Kf4 103. Kh5 Nd7 104. Ra4+ Kf5 105. Kh6 Rc6+ 106. Kg7 Rc7 107. Ra1 Ne5+
108. Kf8 Ke6 109. Ra6+ Nc6 110. Ra1 Rf7+ 111. Ke8 1/2-1/2

[Event "Labour Day op"]
[Site "Toronto CAN"]
[Date "2014.08.31"]
[Round "3"]
[White "Plotkin, Victor"]
[Black "Noritsyn, Nikolay"]
[Result "1-0"]
[WhiteElo "2428"]
[BlackElo "2603"]
[PlyCount "77"]
[EventDate "2014.08.30"]
[EventType "swiss"]
[EventRounds "6"]
[EventCountry "CAN"]

1. e4 c5 2. c3 Nf6 3. e5 Nd5 4. d4 cxd4 5. Nf3 e6 6. cxd4 d6 7. Nc3 Nxc3 8.
bxc3 Qc7 9. Bd2 Nd7 10. exd6 Bxd6 11. Bd3 b6 12. O-O Bb7 13. Re1 O-O 14. Ne5
Bxe5 15. dxe5 Nc5 16. Bc2 Rfd8 17. Qh5 Rxd2 18. Qxh7+ Kf8 19. Rad1 Rxd1 20.
Qh8+ Ke7 21. Qh4+ Ke8 22. Qh8+ Kd7 23. Rxd1+ Kc6 24. Qxg7 Qe7 25. Rd4 Kc7 26.
h4 Qf8 27. Qg5 Re8 28. Rf4 Kb8 29. Bg6 Re7 30. h5 Qd8 31. Bxf7 Be4 32. h6 Bf5
33. Qg8 Qxg8 34. Bxg8 Bh7 35. Rg4 Nd7 36. Bxh7 Rxh7 37. Rg7 Rxh6 38. Rxd7 Rh5
39. f4 1-0

[Event "Guelph Winter Pro-Am"]
[Site "Guelph CAN"]
[Date "2014.01.26"]
[Round "4"]
[White "Plotkin, Victor"]
[Black "Noritsyn, Nikolay"]
[Result "0-1"]
[WhiteElo "2426"]
[BlackElo "2608"]
[PlyCount "70"]
[EventDate "2014.01.24"]
[EventType "swiss"]
[EventRounds "5"]
[EventCountry "CAN"]

1. e4 c5 2. c3 d5 3. exd5 Qxd5 4. d4 Bf5 5. dxc5 Qxd1+ 6. Kxd1 Nd7 7. Be3 Ngf6
8. Nf3 Nd5 9. Bb5 O-O-O 10. Bxd7+ Bxd7 11. Kc1 g6 12. Nbd2 f6 13. Rd1 Bf5 14.
Nc4 Be4 15. b4 Nxc3 16. Rxd8+ Kxd8 17. Kb2 Nd5 18. Rd1 Kc8 19. Kb3 Bg7 20. a4
Rd8 21. b5 Bf8 22. Na5 Nxe3 23. Rxd8+ Kxd8 24. fxe3 Bd5+ 25. Kb4 e5 26. Nd2
Bxg2 27. Kc4 Bh6 28. Kd3 Ke7 29. Nac4 Bf8 30. Nb3 h5 31. a5 a6 32. bxa6 bxa6
33. e4 Bf1+ 34. Kc3 Bxc4 35. Kxc4 Ke6 0-1

[Event "Aurora Fall op"]
[Site "Aurora CAN"]
[Date "2013.10.20"]
[Round "4.2"]
[White "Noritsyn, Nikolay"]
[Black "Zhang, Yuanchen"]
[Result "1-0"]
[WhiteElo "2625"]
[BlackElo "2222"]
[PlyCount "75"]
[EventDate "2013.10.19"]
[EventType "swiss"]
[EventRounds "5"]
[EventCountry "CAN"]

1. c4 Nf6 2. Nf3 e6 3. d4 b6 4. a3 Bb7 5. Nc3 d5 6. cxd5 exd5 7. Bf4 Bd6 8. Bg3
O-O 9. e3 Ne4 10. Qc2 Bxg3 11. hxg3 Nd7 12. Rc1 Rc8 13. Bd3 Ndf6 14. Nb5 a6 15.
Na7 Ra8 16. Nc6 Qd6 17. Nfe5 h6 18. g4 Bxc6 19. Qxc6 Qxc6 20. Rxc6 Ra7 21. Ke2
Rd8 22. Rc2 Rd6 23. Rhc1 Ne8 24. f3 N4f6 25. Nc6 Ra8 26. Nb4 b5 27. Nc6 Kf8 28.
b3 Ng8 29. Ne5 f6 30. Ng6+ Kf7 31. Rxc7+ Nxc7 32. Rxc7+ Ne7 33. Nxe7 Kf8 34.
Nf5 Rdd8 35. Nxg7 Rdc8 36. Ne6+ Kg8 37. Rg7+ Kh8 38. Rg6 1-0

[Event "Aurora Fall op"]
[Site "Aurora CAN"]
[Date "2013.10.20"]
[Round "5.2"]
[White "Song, Michael"]
[Black "Noritsyn, Nikolay"]
[Result "0-1"]
[WhiteElo "2345"]
[BlackElo "2625"]
[PlyCount "66"]
[EventDate "2013.10.19"]
[EventType "swiss"]
[EventRounds "5"]
[EventCountry "CAN"]

1. d4 e6 2. c4 f5 3. g3 Nf6 4. Bg2 c6 5. Nh3 d6 6. O-O Be7 7. b3 O-O 8. Bb2 Qc7
9. Nd2 e5 10. e4 Na6 11. dxe5 dxe5 12. Qe2 f4 13. Nf3 Bg4 14. Nhg5 fxg3 15.
fxg3 Nc5 16. Bh3 Qc8 17. Qg2 Nd3 18. Bxg4 Nxg4 19. Qe2 Bc5+ 20. Bd4 exd4 21.
Qxd3 Ne3 22. e5 Qf5 23. Qxf5 Rxf5 24. Ne6 Nxf1 25. Rxf1 b6 26. Kg2 Re8 27. Nf4
g5 28. Nd3 g4 29. Nd2 Rfxe5 30. Nxe5 Rxe5 31. Rd1 Re2+ 32. Kf1 d3 33. Nb1 Rxh2
0-1

[Event "Aurora Summer op"]
[Site "Aurora CAN"]
[Date "2013.07.06"]
[Round "1.1"]
[White "Zeromskis, Egidijus"]
[Black "Noritsyn, Nikolay"]
[Result "0-1"]
[WhiteElo "2202"]
[BlackElo "2604"]
[PlyCount "76"]
[EventDate "2013.07.06"]
[EventType "swiss"]
[EventRounds "5"]
[EventCountry "CAN"]

1. e4 c5 2. Nc3 e6 3. g3 d5 4. exd5 exd5 5. Bg2 Nf6 6. d4 cxd4 7. Qxd4 Nc6 8.
Qd1 d4 9. Ne4 Nxe4 10. Bxe4 Bb4+ 11. Kf1 O-O 12. Kg2 Re8 13. Qd3 Rxe4 14. Qxe4
Be6 15. f3 Bd5 16. Qf5 g6 17. Qg5 f6 18. Qf4 Ne5 19. Qxd4 Nxf3 20. Qxb4 a5 21.
Qf4 g5 22. Qe3 Nd4+ 23. Kf1 Nxc2 24. Qe2 Nxa1 25. Nf3 Rc8 26. Kf2 Rc2 27. Bd2
Bxf3 28. Kxf3 Qd5+ 29. Kg4 Qd7+ 30. Kf3 Rxd2 31. Qc4+ Kg7 32. Rxa1 Qf5+ 33. Ke3
Qf2+ 34. Ke4 f5+ 35. Ke5 Qe3+ 36. Kxf5 Rf2+ 37. Kg4 Qf3+ 38. Kxg5 h6+ 0-1

[Event "Aurora Summer op"]
[Site "Aurora CAN"]
[Date "2013.07.06"]
[Round "3.1"]
[White "Yuan, Yuanling"]
[Black "Noritsyn, Nikolay"]
[Result "0-1"]
[WhiteElo "2319"]
[BlackElo "2604"]
[PlyCount "88"]
[EventDate "2013.07.06"]
[EventType "swiss"]
[EventRounds "5"]
[EventCountry "CAN"]

1. e4 c5 2. Nf3 e6 3. d4 cxd4 4. Nxd4 a6 5. Bd3 Ne7 6. Nc3 Nbc6 7. Nb3 b5 8.
Be3 Ng6 9. O-O Qc7 10. f4 Bb7 11. Qf3 Be7 12. Nc5 Nd4 13. Bxd4 Bxc5 14. Bxc5
Qxc5+ 15. Qf2 Rc8 16. Qxc5 Rxc5 17. a4 b4 18. Na2 a5 19. Nc1 Rc8 20. Nb3 Ra8
21. Nc5 Bc6 22. g3 Ke7 23. Rfd1 Rhc8 24. Kf2 e5 25. f5 Nf8 26. Rd2 d6 27. Nb3
Nd7 28. Re2 Nb6 29. Bb5 Bxb5 30. axb5 a4 31. Nc1 Ra5 32. b3 a3 33. c4 bxc3 34.
Rea2 Rca8 35. Ne2 Rxb5 36. Rxa3 Rxa3 37. Rxa3 c2 38. Ra7+ Nd7 39. Nc1 Rb4 40.
Ke3 Rd4 41. Rc7 Kd8 42. Rxc2 Nc5 43. Rc4 Nxb3 44. Rxd4 exd4+ 0-1

[Event "Aurora Summer op"]
[Site "Aurora CAN"]
[Date "2013.07.07"]
[Round "4.1"]
[White "Noritsyn, Nikolay"]
[Black "Ochkoos, Jura"]
[Result "1-0"]
[WhiteElo "2604"]
[BlackElo "2299"]
[PlyCount "107"]
[EventDate "2013.07.06"]
[EventType "swiss"]
[EventRounds "5"]
[EventCountry "CAN"]

1. e4 e5 2. Nf3 Nc6 3. Bb5 a6 4. Ba4 Nf6 5. d3 Bc5 6. c3 d6 7. O-O O-O 8. Nbd2
Ba7 9. Bxc6 bxc6 10. d4 exd4 11. cxd4 Bg4 12. Qc2 Qd7 13. b3 Nh5 14. Re1 Nf4
15. Qc3 Rfe8 16. Nf1 Bxf3 17. gxf3 Ne6 18. Be3 c5 19. dxc5 Bxc5 20. f4 Bxe3 21.
Qxe3 c5 22. Ng3 Nd4 23. Rac1 a5 24. f3 Qh3 25. Rf1 Qh6 26. Rf2 Rab8 27. Ne2 Ne6
28. Rd1 Rb6 29. Rg2 g6 30. Qd2 Ra8 31. f5 Qxd2 32. Rxd2 Nc7 33. Nc3 Kf8 34. Rd1
Rd8 35. Rc2 Ke8 36. Kf2 Rbb8 37. Kg3 Ke7 38. h4 f6 39. h5 g5 40. h6 Rg8 41. Re2
Kd7 42. e5 fxe5 43. Ne4 Ne8 44. Nxc5+ Ke7 45. Ne4 Rb6 46. Rd5 Nf6 47. Rxa5
Nxe4+ 48. fxe4 g4 49. Ra7+ Kf6 50. Rxh7 Rc6 51. Rg7 Rxg7 52. hxg7 Kxg7 53. Kxg4
Rc1 54. Rd2 1-0

[Event "Aurora Summer op"]
[Site "Aurora CAN"]
[Date "2013.07.07"]
[Round "5.1"]
[White "Song, Michael"]
[Black "Noritsyn, Nikolay"]
[Result "0-1"]
[WhiteElo "2390"]
[BlackElo "2604"]
[PlyCount "162"]
[EventDate "2013.07.06"]
[EventType "swiss"]
[EventRounds "5"]
[EventCountry "CAN"]

1. d4 Nf6 2. c4 c5 3. d5 d6 4. Nc3 g6 5. e4 Bg7 6. f3 O-O 7. Nge2 Na6 8. Ng3
Nc7 9. Be2 Bd7 10. O-O a6 11. a4 b5 12. f4 bxc4 13. h3 Rb8 14. Bxc4 Rb4 15. Qd3
e6 16. dxe6 Bxe6 17. Bxe6 fxe6 18. Be3 Rxb2 19. Rab1 Rxb1 20. Rxb1 Qe7 21. Qc4
Rc8 22. f5 Nd7 23. fxe6 Qxe6 24. Qxe6+ Nxe6 25. Nd5 Rb8 26. Rxb8+ Nxb8 27. Nf1
Nc6 28. Nd2 Ne5 29. Nb6 Kf7 30. Ndc4 Nxc4 31. Nxc4 Ke7 32. Kf1 Bd4 33. Bd2 Bf6
34. Ke2 Bg5 35. Be1 Kd7 36. Bg3 Bf4 37. Be1 Nd4+ 38. Kd3 Nc6 39. Bc3 Ke6 40.
Nb6 Ne7 41. Kc4 Be5 42. Be1 Bd4 43. Bg3 g5 44. Bh2 Be5 45. Bg1 Bf4 46. Bf2 Ke5
47. Kd3 Nc6 48. Be1 Nb4+ 49. Bxb4 cxb4 50. Nd7+ Ke6 51. Nb6 b3 52. Kc3 Ke5 53.
Kd3 Bc1 54. Nc4+ Kf4 55. Nxd6 b2 56. Kc2 Ke5 57. Nb7 Be3 58. Kxb2 Kxe4 59. Kc2
Bg1 60. Nd6+ Kd4 61. Kd2 h5 62. Nf5+ Kc4 63. Ng3 h4 64. Ne4 Kd4 65. Nd6 Bh2 66.
Nf5+ Kc4 67. Ng7 Kb4 68. Ne6 Kxa4 69. Kc3 Bf4 70. Kc4 a5 71. Nc5+ Ka3 72. Kb5
Be3 73. Nb7 a4 74. Na5 Bf4 75. Nc4+ Kb3 76. Na5+ Kc3 77. Kxa4 Kd4 78. Kb3 Ke3
79. Kc2 Kf2 80. Kd3 Kxg2 81. Ke2 Kxh3 0-1

[Event "Olympiad"]
[Site "Istanbul TUR"]
[Date "2012.08.28"]
[Round "1"]
[White "Noritsyn, Nikolay"]
[Black "Lebrun, Piersont"]
[Result "1-0"]
[WhiteElo "2472"]
[BlackElo "1973"]
[PlyCount "129"]
[EventDate "2012.08.28"]
[EventType "team"]
[EventRounds "11"]
[EventCountry "TUR"]
[WhiteTeam "Canada"]
[BlackTeam "Haiti"]
[WhiteTeamCountry "CAN"]
[BlackTeamCountry "HAI"]

1. b3 e5 2. Bb2 d6 3. e3 f5 4. d4 e4 5. d5 Nf6 6. Nh3 Be7 7. Bb5+ c6 8. Bc4 b5
9. Bf1 a6 10. c4 Qa5+ 11. Nc3 b4 12. Na4 c5 13. a3 bxa3+ 14. Bc3 Qc7 15. Nf4
O-O 16. Rxa3 Ra7 17. Qd2 Bd8 18. Be2 g5 19. Nh3 h6 20. Ng1 a5 21. Nb2 Nbd7 22.
h4 Ne5 23. Nh3 g4 24. Nf4 Kf7 25. Kd1 Bd7 26. Kc2 Qb6 27. Rha1 Qb7 28. Bxa5
Bxa5 29. Rxa5 Rxa5 30. Qxa5 Rb8 31. Ra3 Ke7 32. Nd1 Ne8 33. Nc3 Nc7 34. Qa7 Kd8
35. Qxb7 Rxb7 36. Na2 Kc8 37. Kc3 Kb8 38. b4 Ra7 39. Rxa7 Kxa7 40. Nh5 Ne8 41.
Nc1 Ng6 42. g3 Kb6 43. Bd1 Ne5 44. Nf4 Nc7 45. Bc2 Na6 46. Na2 Nc7 47. Kb3 Na6
48. Nh5 Nc7 49. Nf6 Ne8 50. Ng8 Nf7 51. Ka3 h5 52. Kb3 Ne5 53. Kc3 Ka6 54. Nc1
Kb6 55. Ne2 Ng6 56. Kb3 Kc7 57. Ka3 Kb6 58. Nf4 Nxf4 59. exf4 Ka6 60. Ba4 Bxa4
61. Kxa4 Kb6 62. Kb3 Kc7 63. Nh6 Ng7 64. Ka4 Kb6 65. b5 1-0

[Event "Olympiad"]
[Site "Istanbul TUR"]
[Date "2012.08.29"]
[Round "2"]
[White "Noritsyn, Nikolay"]
[Black "Atabayev, Maksat"]
[Result "1/2-1/2"]
[WhiteElo "2472"]
[BlackElo "2402"]
[PlyCount "97"]
[EventDate "2012.08.28"]
[EventType "team"]
[EventRounds "11"]
[EventCountry "TUR"]
[WhiteTeam "Canada"]
[BlackTeam "Turkmenistan"]
[WhiteTeamCountry "CAN"]
[BlackTeamCountry "TKM"]

1. e4 c5 2. Nf3 d6 3. c3 Nf6 4. Bd3 Nc6 5. Bc2 Bg4 6. h3 Bh5 7. d3 e6 8. Nbd2
Be7 9. g4 Bg6 10. Nh4 Nd7 11. Ng2 e5 12. Nf3 Nf8 13. Ne3 Ne6 14. Nf5 Bxf5 15.
exf5 Nc7 16. Qe2 Qd7 17. Be3 d5 18. Bd2 Bd6 19. c4 O-O-O 20. O-O-O Rhe8 21. a3
Kb8 22. cxd5 Nxd5 23. Qe4 Bc7 24. Rhe1 f6 25. Kb1 Ba5 26. Ba4 Bxd2 27. Nxd2
Nde7 28. Nb3 b6 29. f4 Nd5 30. fxe5 Rxe5 31. Qf3 Rde8 32. Rxe5 Rxe5 33. d4 Re3
34. Qf1 Kc7 35. dxc5 b5 36. Qh1 bxa4 37. Rxd5 Re1+ 38. Qxe1 Qxd5 39. Na5 Qd3+
40. Ka1 Qxh3 41. Nxc6 Kxc6 42. Qe4+ Kxc5 43. Qb4+ Kd5 44. Qb5+ Ke4 45. Qxa4+
Kf3 46. Qxa7 Qxg4 47. a4 h5 48. a5 Qa4+ 49. Kb1 1/2-1/2

[Event "Olympiad"]
[Site "Istanbul TUR"]
[Date "2012.08.31"]
[Round "4"]
[White "Sharavdorj, Dashzeveg"]
[Black "Noritsyn, Nikolay"]
[Result "0-1"]
[WhiteElo "2446"]
[BlackElo "2472"]
[PlyCount "126"]
[EventDate "2012.08.28"]
[EventType "team"]
[EventRounds "11"]
[EventCountry "TUR"]
[WhiteTeam "Mongolia"]
[BlackTeam "Canada"]
[WhiteTeamCountry "MGL"]
[BlackTeamCountry "CAN"]

1. d4 e6 2. c4 Bb4+ 3. Nd2 d5 4. Ngf3 Nf6 5. Qa4+ Nc6 6. a3 Bxd2+ 7. Bxd2 Ne4
8. Rd1 O-O 9. e3 Ne7 10. Qc2 b6 11. Bd3 Bb7 12. Bc1 Ng6 13. O-O Qe7 14. b4 a5
15. c5 axb4 16. axb4 bxc5 17. dxc5 f5 18. Bb2 e5 19. c6 Bc8 20. Qb3 Nf6 21. e4
fxe4 22. Bxe4 Nf4 23. Rfe1 Qe6 24. Bxh7+ Nxh7 25. Nxe5 Qf5 26. f3 Be6 27. Bd4
Rae8 28. b5 Qg5 29. Qb2 Bc8 30. Bc5 Rf6 31. Nd7 Rfe6 32. Rxe6 Rxe6 33. g4 Re2
34. Qd4 Rxh2 35. Qe5 Rg2+ 36. Kf1 Qxe5 37. Nxe5 Rb2 38. Ra1 Rxb5 39. Be3 Ne6
40. Ra8 d4 41. Rxc8+ Nhf8 42. Bxd4 Nxd4 43. Nd7 Nde6 44. Nxf8 Nxf8 45. Rxc7 Rc5
46. Ke2 Ne6 47. Rc8+ Kf7 48. Ke3 g5 49. Ke4 Kf6 50. c7 Rc4+ 51. Ke3 Ke5 52. Ra8
Rc3+ 53. Kf2 Rxc7 54. Ra4 Rc2+ 55. Ke3 Rc3+ 56. Kf2 Nd4 57. Ra8 Rxf3+ 58. Kg2
Rb3 59. Rf8 Ke4 60. Rf7 Rb2+ 61. Kh3 Ne2 62. Re7+ Kf3 63. Rxe2 Kxe2 0-1

[Event "Olympiad"]
[Site "Istanbul TUR"]
[Date "2012.09.03"]
[Round "6"]
[White "Gonzales Garcia, Jose"]
[Black "Noritsyn, Nikolay"]
[Result "1-0"]
[WhiteElo "2532"]
[BlackElo "2472"]
[PlyCount "129"]
[EventDate "2012.08.28"]
[EventType "team"]
[EventRounds "11"]
[EventCountry "TUR"]
[WhiteTeam "Mexico"]
[BlackTeam "Canada"]
[WhiteTeamCountry "MEX"]
[BlackTeamCountry "CAN"]

1. d4 e6 2. e4 d5 3. Nd2 h6 4. Ngf3 Nf6 5. Bd3 c5 6. c3 cxd4 7. cxd4 dxe4 8.
Nxe4 Bb4+ 9. Nc3 O-O 10. O-O b6 11. Re1 Nbd7 12. a3 Bxc3 13. bxc3 Bb7 14. c4
Qc7 15. Bb2 Rfd8 16. Qe2 Nh5 17. Qe3 Nf4 18. Bf1 Ng6 19. a4 a5 20. Nd2 Rac8 21.
Ne4 Re8 22. Nc3 Nf6 23. Nb5 Qb8 24. Ba3 Red8 25. Rab1 Nh4 26. Qh3 Ng6 27. Qg3
Bc6 28. Qxb8 Rxb8 29. f3 Nh4 30. Bd6 Rb7 31. Be5 Nf5 32. d5 exd5 33. Bd3 Bxb5
34. Rxb5 Nd6 35. Bxf6 gxf6 36. Rxd5 Rbd7 37. Rd1 Rc7 38. Be4 f5 39. Bxf5 Rc5
40. Rxd6 Rxd6 41. Rxd6 Rxf5 42. Rxb6 Rc5 43. Rb5 Rxc4 44. Rxa5 Kg7 45. Kf2 Rb4
46. g4 Rc4 47. h4 Rb4 48. h5 Rc4 49. Ke3 Rb4 50. Ra6 Rb3+ 51. Ke4 Rb4+ 52. Ke5
Rb3 53. f4 Re3+ 54. Kf5 Rb3 55. Ra5 Ra3 56. Ra8 Ra1 57. a5 Ra2 58. Ke4 Ra4+ 59.
Ke5 Ra1 60. a6 Ra4 61. Kd5 Rxf4 62. Rb8 Ra4 63. Rb6 Rxg4 64. Kc6 Kf6 65. a7 1-0

[Event "Olympiad"]
[Site "Istanbul TUR"]
[Date "2012.09.05"]
[Round "8"]
[White "Ali, Abdul Rahman"]
[Black "Noritsyn, Nikolay"]
[Result "0-1"]
[WhiteElo "1912"]
[BlackElo "2472"]
[PlyCount "127"]
[EventDate "2012.08.28"]
[EventType "team"]
[EventRounds "11"]
[EventCountry "TUR"]
[WhiteTeam "Maldives"]
[BlackTeam "Canada"]
[WhiteTeamCountry "MDV"]
[BlackTeamCountry "CAN"]

1. d4 c5 2. c3 e6 3. e3 d5 4. f4 Nc6 5. Nf3 Bd6 6. Bd3 Nge7 7. O-O Qc7 8. Ne5
Nf5 9. a3 f6 10. Nxc6 bxc6 11. Qe2 O-O 12. Nd2 cxd4 13. Bxf5 exf5 14. cxd4 Re8
15. Qd3 a5 16. Rf3 g6 17. Nb3 a4 18. Nc5 Bxc5 19. dxc5 Ba6 20. Qc3 Kf7 21. Bd2
Rab8 22. Rh3 h5 23. Qc2 Be2 24. Rg3 Bg4 25. h4 Re4 26. Bc3 Rc4 27. Qd2 Rb5 28.
Qd3 Rbxc5 29. Re1 Re4 30. Kf2 Rcc4 31. Rb1 Qb6 32. Kf1 Qb3 33. Kg1 Rc5 34. Re1
d4 35. Qa6 dxc3 36. Qa7+ Re7 37. Qxc5 cxb2 38. Rb1 Rd7 39. Kh2 Rd1 40. e4 Qb8
41. Rxd1 Bxd1 42. Rd3 b1=Q 43. Rd7+ Kg8 44. e5 Qe4 45. Rd4 Qxd4 46. Qxd4 Bb3
47. exf6 Qc7 48. Qe3 Kf7 49. Kg3 c5 50. Qf3 Kxf6 51. Qc3+ Ke6 52. Qe3+ Kf7 53.
Qc3 Kg8 54. Qf6 Kh7 55. Qc3 Bf7 56. Kf3 c4 57. g3 Qc6+ 58. Kf2 Qb6+ 59. Ke2 Qb3
60. Kd2 Qxc3+ 61. Kxc3 Kg7 62. Kb4 Kf6 63. Kc3 Ke7 64. Kd4 0-1

[Event "Olympiad"]
[Site "Istanbul TUR"]
[Date "2012.09.06"]
[Round "9"]
[White "Kostenko, Petr"]
[Black "Noritsyn, Nikolay"]
[Result "0-1"]
[WhiteElo "2494"]
[BlackElo "2472"]
[PlyCount "48"]
[EventDate "2012.08.28"]
[EventType "team"]
[EventRounds "11"]
[EventCountry "TUR"]
[WhiteTeam "Kazakhstan"]
[BlackTeam "Canada"]
[WhiteTeamCountry "KAZ"]
[BlackTeamCountry "CAN"]

1. e4 c5 2. Nf3 Nc6 3. d4 cxd4 4. Nxd4 Qb6 5. Nb3 Nf6 6. Bd3 d5 7. exd5 Nxd5 8.
O-O g6 9. c4 Nf6 10. Nc3 Bg7 11. Be3 Qc7 12. Nd5 Qd8 13. Be2 O-O 14. Bc5 Bf5
15. Re1 Re8 16. Rc1 Ne4 17. Ba3 e6 18. Ne3 Qh4 19. Rf1 a5 20. g4 a4 21. Nc5 Be5
22. f4 Bd4 23. gxf5 Bxe3+ 24. Kg2 Nf2 0-1

[Event "Olympiad"]
[Site "Istanbul TUR"]
[Date "2012.09.09"]
[Round "11"]
[White "Mehmeti, Dritan"]
[Black "Noritsyn, Nikolay"]
[Result "0-1"]
[WhiteElo "2437"]
[BlackElo "2472"]
[PlyCount "106"]
[EventDate "2012.08.28"]
[EventType "team"]
[EventRounds "11"]
[EventCountry "TUR"]
[WhiteTeam "Albania"]
[BlackTeam "Canada"]
[WhiteTeamCountry "ALB"]
[BlackTeamCountry "CAN"]

1. d4 Nf6 2. Nf3 g6 3. e3 Bg7 4. Bd3 O-O 5. O-O d6 6. b3 Nc6 7. Bb2 e5 8. Nbd2
Qe7 9. Bb5 e4 10. Ne1 h5 11. Be2 Nd8 12. c4 Ne6 13. h4 Ng4 14. g3 f5 15. Ng2 c5
16. Bxg4 hxg4 17. Nb1 cxd4 18. exd4 g5 19. Na3 Bf6 20. hxg5 Nxg5 21. Nf4 b6 22.
Nc2 e3 23. Nxe3 Qe4 24. Qb1 Nf3+ 25. Kg2 Bb7 26. Ned5 Bxd5 27. cxd5 Ne1+ 28.
Kg1 Nf3+ 29. Kg2 Ne1+ 30. Kg1 Qxb1 31. Rxb1 Nf3+ 32. Kg2 Nd2 33. Ne6 Rfc8 34.
Ba3 Be7 35. Rbe1 Nxf1 36. Kxf1 Rc2 37. Nf4 Kf7 38. Re6 Rxa2 39. Bxd6 Bxd6 40.
Rxd6 Rc8 41. Nd3 Rcc2 42. Re6 Rd2 43. Re3 Ra1+ 44. Ne1 Rxd4 45. Re5 Re4 46.
Rxe4 fxe4 47. Ke2 Rxe1+ 48. Kxe1 Ke7 49. Kd2 Kd6 50. Ke3 Kxd5 51. Kf4 a5 52.
Kxg4 b5 53. Kf5 a4 0-1

[Event "Fall ProAm"]
[Site "Guelph CAN"]
[Date "2011.11.05"]
[Round "2"]
[White "Noritsyn, Nikolay"]
[Black "Hambleton, Aman"]
[Result "1-0"]
[WhiteElo "2657"]
[BlackElo "2398"]
[PlyCount "61"]
[EventDate "2011.11.05"]
[EventType "swiss"]
[EventRounds "5"]
[EventCountry "CAN"]

1. b3 Nf6 2. Bb2 e6 3. e3 c5 4. f4 Nc6 5. Nf3 d6 6. d4 cxd4 7. exd4 d5 8. Nbd2
g6 9. Bd3 Nb4 10. Be2 Ng4 11. Nf1 Bh6 12. Qd2 Qd6 13. Ne5 Nxe5 14. dxe5 Qc5 15.
c3 Nc6 16. g3 O-O 17. Ne3 Rd8 18. Ng4 Bg7 19. Nf6+ Bxf6 20. exf6 d4 21. cxd4
Nxd4 22. Rc1 Qd5 23. Kf2 e5 24. fxe5 Bh3 25. Bxd4 Qxd4+ 26. Qxd4 Rxd4 27. Rhd1
Re4 28. Rc5 Re8 29. Bf3 Rb4 30. Rc7 Bc8 31. Bd5 1-0

[Event "Fall ProAm"]
[Site "Guelph CAN"]
[Date "2011.11.05"]
[Round "3"]
[White "Kleinman, Michael"]
[Black "Noritsyn, Nikolay"]
[Result "0-1"]
[WhiteElo "2376"]
[BlackElo "2657"]
[PlyCount "40"]
[EventDate "2011.11.05"]
[EventType "swiss"]
[EventRounds "5"]
[EventCountry "CAN"]

1. e4 c5 2. Nf3 e6 3. c4 Nc6 4. Nc3 Nf6 5. Be2 a6 6. O-O Qc7 7. d4 cxd4 8. Nxd4
Bb4 9. Na4 Nxe4 10. Be3 Be7 11. f4 f5 12. Rc1 O-O 13. c5 Bf6 14. Rf3 Nxd4 15.
Bxd4 b5 16. cxb6 Bxd4+ 17. Kf1 Qd6 18. Rc4 Bf6 19. Qxd6 Nxd6 20. Rc7 Rb8 0-1

[Event "Fall ProAm"]
[Site "Guelph CAN"]
[Date "2011.11.06"]
[Round "4"]
[White "Noritsyn, Nikolay"]
[Black "Sapozhnikov, Roman"]
[Result "0-1"]
[WhiteElo "2657"]
[BlackElo "2478"]
[PlyCount "77"]
[EventDate "2011.11.05"]
[EventType "swiss"]
[EventRounds "5"]
[EventCountry "CAN"]

1. Nf3 Nf6 2. c4 g6 3. Nc3 Bg7 4. d4 O-O 5. g3 d6 6. Bg2 c6 7. O-O Qa5 8. e4 e5
9. h3 Nbd7 10. Be3 exd4 11. Bxd4 Re8 12. Nd2 c5 13. Be3 Ne5 14. f4 Nc6 15. Nb3
Qd8 16. Qe2 a6 17. Rad1 Qc7 18. g4 Rb8 19. Qd2 Be6 20. Qxd6 Qxd6 21. Rxd6 Bf8
22. Rd2 Bxc4 23. Re1 Bxb3 24. axb3 Rbd8 25. Rxd8 Rxd8 26. e5 Ne8 27. Nd5 Ng7
28. Bf2 Kh8 29. Bh4 Rd7 30. Kf1 h6 31. Bf2 Ne6 32. h4 Ned4 33. Re3 Bg7 34. Bg3
Na5 35. b4 cxb4 36. Nxb4 Nc4 37. Re1 Bf8 38. Nd5 Bc5 39. Bh1 0-1

[Event "Fall ProAm"]
[Site "Guelph CAN"]
[Date "2011.11.06"]
[Round "5"]
[White "Plotkin, Victor"]
[Black "Noritsyn, Nikolay"]
[Result "0-1"]
[WhiteElo "2377"]
[BlackElo "2657"]
[PlyCount "96"]
[EventDate "2011.11.05"]
[EventType "swiss"]
[EventRounds "5"]
[EventCountry "CAN"]

1. e4 b6 2. d4 e6 3. Bd3 Bb7 4. Nf3 c5 5. c3 Nf6 6. e5 Nd5 7. O-O cxd4 8. cxd4
Be7 9. Nbd2 Ba6 10. Ne4 O-O 11. Nfg5 h6 12. Bxa6 Nxa6 13. Nh3 f5 14. Nc3 Nxc3
15. bxc3 Nc7 16. Nf4 Qe8 17. d5 Bg5 18. d6 Na6 19. Nd3 Bxc1 20. Rxc1 Qc8 21.
Qa4 Qb7 22. Rfe1 Rac8 23. Nf4 Kh7 24. Re3 b5 25. Qd1 Rc4 26. Ne2 f4 27. Qd3+
Rf5 28. Rf3 Qe4 29. Rb1 Qxd3 30. Rxd3 Rxe5 31. Kf1 Nc5 32. Rd4 Ne4 33. Rb4 Rxd4
34. Rxd4 g5 35. f3 Nf6 36. c4 bxc4 37. Rxc4 Ra5 38. Nc3 Ra6 39. Rc7 Kg6 40. Ke2
Kf5 41. a4 Ke5 42. Kd3 Rxd6+ 43. Kc4 a6 44. a5 Rd4+ 45. Kc5 Rd3 46. Nb1 Rb3 47.
Nd2 Rb5+ 48. Kc4 d5+ 0-1

[Event "Thanksgiving op"]
[Site "Toronto CAN"]
[Date "2011.10.08"]
[Round "1"]
[White "Southam, David"]
[Black "Noritsyn, Nikolay"]
[Result "0-1"]
[WhiteElo "2102"]
[BlackElo "2634"]
[PlyCount "94"]
[EventDate "2011.10.08"]
[EventType "swiss"]
[EventRounds "6"]
[EventCountry "CAN"]

1. d4 e6 2. c4 b6 3. a3 Bb7 4. Nc3 f5 5. Nf3 Nf6 6. d5 Na6 7. g3 Bd6 8. Bg2 O-O
9. O-O Nc5 10. Nd4 Be5 11. Rb1 Qe8 12. Bf4 Bxf4 13. gxf4 a6 14. e3 Nce4 15.
Nxe4 fxe4 16. dxe6 dxe6 17. b4 e5 18. fxe5 Qxe5 19. c5 Bc8 20. f4 exf3 21. Qb3+
Kh8 22. Bxf3 Ng4 23. Rb2 Nxe3 24. Re1 Qxd4 25. Qxe3 Qxb2 26. Bxa8 Bh3 27. cxb6
cxb6 28. Qf3 Qd4+ 29. Kh1 Qd8 30. Qxh3 Qxa8+ 31. Qg2 Qc8 32. Rg1 Qc3 33. Qg3
Qf6 34. Qg5 Qf7 35. Qg2 h6 36. Qg6 Qd5+ 37. Qg2 Qf7 38. Qg6 Qf3+ 39. Qg2 b5 40.
h3 Rf5 41. Kh2 Qxg2+ 42. Rxg2 Rf3 43. Ra2 Rb3 44. h4 Kh7 45. h5 Rd3 46. Rc2
Rxa3 47. Rc6 Rf3 0-1